[Event "AUT-ch"]
[Site "Vienna"]
[Date "2023.07.30"]
[Round "9"]
[White "Mayrhuber, Tobias"]
[Black "Karelina, Polina"]
[Result "1-0"]
[WhiteElo "2067"]
[BlackElo "1818"]
[PlyCount "79"]
[EventDate "2023.07.22"]
[EventType "swiss"]
[EventRounds "9"]
[EventCountry "AUT"]
[SourceTitle "CBM 215 Extra"]
[Source "ChessBase"]
[SourceDate "2023.09.30"]
[SourceVersion "1"]
[SourceVersionDate "2023.09.30"]
[SourceQuality "1"]

1. e4 d6 2. d4 Nf6 3. Nc3 g6 4. h4 Bg7 5. f3 0-0 6. Be3 e5 7. Nge2 Nc6 8. d5 Ne7 9. Qd2 h5 10. Bh6 a6 11. Nc1 Ne8 12. Be2 f5 13. Nd3 f4 14. Bxg7 Kxg7 15. 0-0-0 Bd7 16. Rdg1 Nf6 17. g3 fxg3 18. Rxg3 c6 19. dxc6 bxc6 20. Rhg1 Rb8 21. f4 Qb6 22. f5 Be8 23. fxg6 d5 24. b3 Qd4 25. Nb2 Qxd2+ 26. Kxd2 d4 27. Nd3 dxc3+ 28. Ke3 Rh8 29. Nxe5 Nd7 30. Nd3 Nxg6 31. Nf4 Nde5 32. Bxh5 Kf6 33. Bxg6 Rxh4 34. Bxe8 Rxe8 35. Rg5 Reh8 36. Rf5+ Ke7 37. Rxe5+ Kf6 38. Rg6+ Kf7 39. Rf5+ Ke7 40. Re6+ 1-0

[Event "AUT-ch"]
[Site "Vienna"]
[Date "2023.07.22"]
[Round "1"]
[White "Mayrhuber, Tobias"]
[Black "Menezes, Christoph"]
[Result "1/2-1/2"]
[WhiteElo "2067"]
[BlackElo "2416"]
[PlyCount "71"]
[EventDate "2023.07.22"]
[EventType "swiss"]
[EventRounds "9"]
[EventCountry "AUT"]
[SourceTitle "CBM 215 Extra"]
[Source "ChessBase"]
[SourceDate "2023.09.30"]
[SourceVersion "1"]
[SourceVersionDate "2023.09.30"]
[SourceQuality "1"]

1. e4 e5 2. Nf3 Nc6 3. Bc4 Bc5 4. c3 Nf6 5. d3 0-0 6. 0-0 d6 7. h3 h6 8. a4 a5 9. Be3 Bxe3 10. fxe3 Ne7 11. Nbd2 Ng6 12. Qe1 d5 13. exd5 Nxd5 14. d4 exd4 15. exd4 Be6 16. Ne5 Nxe5 17. Qxe5 Re8 18. Qh5 Nf6 19. Qf3 Bxc4 20. Nxc4 Qd5 21. Qxd5 Nxd5 22. Rae1 b6 23. g3 f6 24. Kf2 Kf7 25. Ne3 Ne7 26. Re2 Red8 27. Rfe1 Rd7 28. Nc4 h5 29. h4 Rb8 30. Kf3 Nd5 31. Ne3 Nxe3 32. Rxe3 c5 33. Rd3 b5 34. axb5 Rxb5 35. Ra1 Rxb2 36. Ke4 1/2-1/2

[Event "St Veit op 42nd"]
[Site "St Veit"]
[Date "2023.07.14"]
[Round "8"]
[White "Sandhoefner, Florian"]
[Black "Mayrhuber, Tobias"]
[Result "1-0"]
[WhiteElo "2314"]
[BlackElo "2067"]
[PlyCount "97"]
[EventDate "2023.07.08"]
[EventType "swiss"]
[EventRounds "9"]
[EventCountry "AUT"]
[SourceTitle "CBM 215 Extra"]
[Source "ChessBase"]
[SourceDate "2023.09.30"]
[SourceVersion "1"]
[SourceVersionDate "2023.09.30"]
[SourceQuality "1"]

1. e4 e5 2. Bc4 Nc6 3. Nf3 Bc5 4. c3 Nf6 5. d3 0-0 6. 0-0 d5 7. exd5 Nxd5 8. Re1 Bg4 9. Nbd2 Nb6 10. Bb5 Bd6 11. h3 Bh5 12. Ne4 f6 13. Ng3 Bf7 14. Be3 Nd5 15. Nf5 Nde7 16. Nxd6 Qxd6 17. d4 e4 18. Nd2 f5 19. f3 exf3 20. Qxf3 a6 21. Bf4 Qd7 22. Bf1 Nd5 23. Bh2 b5 24. Nb3 Rae8 25. Nc5 Qc8 26. a4 Nb8 27. axb5 axb5 28. Bxb5 c6 29. Bf1 g6 30. Be5 Nd7 31. Nxd7 Qxd7 32. c4 Nb6 33. b3 Re6 34. Ra6 Nc8 35. c5 Ne7 36. Qf4 Nd5 37. Qh6 Be8 38. Rea1 Rf7 39. Ra8 Qe7 40. Bc4 g5 41. Qh5 Rf8 42. Qf3 g4 43. hxg4 fxg4 44. Qxg4+ Rg6 45. Qe4 Bd7 46. Rxf8+ Qxf8 47. Bxd5+ cxd5 48. Qxd5+ Be6 49. Qb7 1-0

[Event "St Veit op 42nd"]
[Site "St Veit"]
[Date "2023.07.10"]
[Round "4"]
[White "Hresc, Vladimir"]
[Black "Mayrhuber, Tobias"]
[Result "1-0"]
[WhiteElo "2279"]
[BlackElo "2067"]
[PlyCount "58"]
[EventDate "2023.07.08"]
[EventType "swiss"]
[EventRounds "9"]
[EventCountry "AUT"]
[SourceTitle "CBM 215 Extra"]
[Source "ChessBase"]
[SourceDate "2023.09.30"]
[SourceVersion "1"]
[SourceVersionDate "2023.09.30"]
[SourceQuality "1"]

1. e4 c6 2. d4 d5 3. e5 Bf5 4. g4 Be4 5. f3 Bg6 6. Ne2 e6 7. Be3 h6 8. Nf4 Bh7 9. Bd3 Bxd3 10. Qxd3 Qa5+ 11. Nd2 Qb5 12. Qxb5 cxb5 13. a4 b4 14. c4 Nc6 15. cxd5 exd5 16. Nb3 Rd8 17. Kf2 Nge7 18. a5 Ng6 19. Nh5 a6 20. f4 Kd7 21. Kg3 Rg8 22. f5 Nge7 23. f6 Nc8 24. fxg7 Bxg7 25. Rhf1 Ke7 26. Rf5 Rd7 27. Raf1 Ke8 28. Bxh6 Bh8 29. e6 Nb8 1-0

[Event "St Veit op 42nd"]
[Site "St Veit"]
[Date "2023.07.09"]
[Round "3"]
[White "Mayrhuber, Tobias"]
[Black "Petschar, Kurt"]
[Result "1/2-1/2"]
[WhiteElo "2067"]
[BlackElo "2208"]
[PlyCount "59"]
[EventDate "2023.07.08"]
[EventType "swiss"]
[EventRounds "9"]
[EventCountry "AUT"]
[SourceTitle "CBM 215 Extra"]
[Source "ChessBase"]
[SourceDate "2023.09.30"]
[SourceVersion "1"]
[SourceVersionDate "2023.09.30"]
[SourceQuality "1"]

1. d4 Nf6 2. Bf4 d5 3. e3 c5 4. c3 Nc6 5. Nd2 Bf5 6. Qb3 Qc8 7. Ngf3 e6 8. Nh4 Bg6 9. Nxg6 hxg6 10. h3 Be7 11. Be2 0-0 12. 0-0 Rd8 13. Rad1 a6 14. a4 Qd7 15. Rfe1 Bd6 16. Bxd6 Qxd6 17. Qa3 b6 18. Nb3 c4 19. Qxd6 Rxd6 20. Nd2 b5 21. Ra1 b4 22. Bf3 Rc8 23. e4 Rdd8 24. exd5 exd5 25. Rab1 g5 26. Nf1 g6 27. Ne3 Kf8 28. g3 a5 29. Kg2 Rd6 30. Kf1 1/2-1/2

[Event "AUT-chT2O 2223"]
[Site "Austria"]
[Date "2023.02.19"]
[Round "9"]
[White "Mayrhuber, Tobias"]
[Black "Lovrinovic, Christian"]
[Result "0-1"]
[WhiteElo "1995"]
[BlackElo "2144"]
[PlyCount "80"]
[EventDate "2022.10.15"]
[EventType "team-tourn"]
[EventRounds "11"]
[EventCountry "AUT"]
[SourceTitle "CBM 213 Extra"]
[Source "ChessBase"]
[SourceDate "2023.05.31"]
[SourceVersion "1"]
[SourceVersionDate "2023.05.31"]
[SourceQuality "1"]
[WhiteTeam "Ottakring"]
[BlackTeam "Pamhagen"]
[WhiteTeamCountry "AUT"]
[BlackTeamCountry "AUT"]

1. e4 c5 2. f4 g6 3. Nf3 Bg7 4. Bc4 e6 5. 0-0 Ne7 6. d3 0-0 7. c3 d5 8. Bb3 c4 9. Bc2 cxd3 10. Bxd3 Qb6+ 11. Kh1 dxe4 12. Bxe4 Nd7 13. Na3 Nf6 14. Bc2 Ng4 15. Nc4 Qc5 16. Qe2 Qh5 17. Ne3 Nxh2 18. Kg1 Nxf1 19. Nxf1 Nf5 20. N1h2 Nh4 21. Be3 Nxf3+ 22. Nxf3 Bd7 23. Qf2 Qa5 24. Ne5 Bc6 25. a4 f6 26. Nxc6 bxc6 27. b4 Qc7 28. Bb3 Rfe8 29. f5 gxf5 30. Qxf5 Qe5 31. Qh3 Qxc3 32. Bxe6+ Kh8 33. Rc1 Qe5 34. Rxc6 f5 35. Qf3 Rad8 36. Bg5 Rd6 37. Rxd6 Qxd6 38. Bxf5 Qxb4 39. Qh5 Qe1+ 40. Kh2 Be5+ 0-1

[Event "AUT-chT2O 2223"]
[Site "Austria"]
[Date "2023.02.18"]
[Round "8.3"]
[White "Hofmann, Thomas"]
[Black "Mayrhuber, Tobias"]
[Result "1/2-1/2"]
[WhiteElo "2173"]
[BlackElo "1995"]
[PlyCount "111"]
[EventDate "2022.10.15"]
[EventType "team-tourn"]
[EventRounds "11"]
[EventCountry "AUT"]
[SourceTitle "CBM 213 Extra"]
[Source "ChessBase"]
[SourceDate "2023.05.31"]
[SourceVersion "1"]
[SourceVersionDate "2023.05.31"]
[SourceQuality "1"]
[WhiteTeam "Mistelbach/Altlichtenwarth"]
[BlackTeam "Ottakring"]
[WhiteTeamCountry "AUT"]
[BlackTeamCountry "AUT"]

1. d4 d5 2. c4 dxc4 3. e3 e5 4. Bxc4 exd4 5. exd4 Nf6 6. Nf3 Bb4+ 7. Nc3 0-0 8. h3 Re8+ 9. Be3 Be6 10. Qb3 Bxc4 11. Qxc4 Nc6 12. 0-0 Bd6 13. Bg5 h6 14. Bh4 a6 15. Rad1 g5 16. Bg3 Bxg3 17. fxg3 Qd6 18. g4 Rad8 19. d5 Ne5 20. Qd4 Nxf3+ 21. Rxf3 Nd7 22. Rdf1 Re7 23. Kh1 Qe5 24. Qb4 Qd6 25. Qb3 b5 26. a3 Rb8 27. Qc2 b4 28. axb4 Rxb4 29. Rf5 Qb6 30. d6 Qxd6 31. Nd5 Rbe4 32. Nxe7+ Rxe7 33. Qb3 Nc5 34. Qb8+ Kg7 35. R5f3 Ne4 36. Qb3 f6 37. Rd1 Qc5 38. Kh2 Qe5+ 39. Kg1 Nd2 40. Rxd2 Qe1+ 41. Kh2 Qxd2 42. Qc3 Qd6+ 43. Kg1 Qb6+ 44. Kh2 c5 45. Rd3 Qb4 46. Rd6 Qxc3 47. bxc3 Re3 48. Rxa6 Rxc3 49. Ra7+ Kg6 50. Kg1 Rc2 51. Rc7 h5 52. Kf1 hxg4 53. hxg4 Kh6 54. Kg1 Rc4 55. Kh2 Rxg4 56. Rxc5 1/2-1/2

[Event "EU-ch Rapid"]
[Site "Katowice"]
[Date "2022.12.18"]
[Round "7"]
[White "Madan, Augustin"]
[Black "Mayrhuber, Tobias"]
[Result "1-0"]
[WhiteElo "2292"]
[BlackElo "2006"]
[PlyCount "75"]
[EventDate "2022.12.17"]
[EventType "swiss (rapid)"]
[EventRounds "11"]
[EventCountry "POL"]
[SourceTitle "CBM 211 Extra"]
[Source "ChessBase"]
[SourceDate "2023.01.31"]
[SourceVersion "1"]
[SourceVersionDate "2023.01.31"]
[SourceQuality "1"]

1. d4 d5 2. c4 c6 3. Nf3 Nf6 4. Nc3 a6 5. e3 Bf5 6. Be2 e6 7. Nh4 Bg6 8. Nxg6 hxg6 9. Qc2 Qc7 10. h3 Nbd7 11. Bd2 Bd6 12. e4 Bf4 13. e5 Bxd2+ 14. Qxd2 Ng8 15. c5 Ne7 16. b4 a5 17. b5 b6 18. bxc6 Qxc6 19. Bb5 Qc7 20. Na4 bxc5 21. Nxc5 Nc6 22. Rc1 Qb6 23. Nxe6 fxe6 24. Bxc6 Rc8 25. Bxd7+ Kxd7 26. 0-0 Rxc1 27. Rxc1 Rc8 28. Rxc8 Kxc8 29. Qd3 Qc6 30. g3 a4 31. Kg2 Qe8 32. Qa6+ Kb8 33. Qb6+ Ka8 34. Qc7 Qb5 35. Qc8+ Ka7 36. Qxe6 Qc4 37. Qf7+ Kb6 38. e6 1-0

[Event "EU-ch Rapid"]
[Site "Katowice"]
[Date "2022.12.17"]
[Round "6"]
[White "Mayrhuber, Tobias"]
[Black "Psyk, Radoslaw"]
[Result "0-1"]
[WhiteElo "2006"]
[BlackElo "2438"]
[PlyCount "44"]
[EventDate "2022.12.17"]
[EventType "swiss (rapid)"]
[EventRounds "11"]
[EventCountry "POL"]
[SourceTitle "CBM 211 Extra"]
[Source "ChessBase"]
[SourceDate "2023.01.31"]
[SourceVersion "1"]
[SourceVersionDate "2023.01.31"]
[SourceQuality "1"]

1. e4 Nf6 2. Nc3 d5 3. e5 Ne4 4. d3 Nxc3 5. bxc3 c5 6. d4 Nc6 7. Be3 Qa5 8. Qd2 e6 9. Ne2 b6 10. f4 Ba6 11. f5 Bxe2 12. Bxe2 cxd4 13. Bxd4 Nxd4 14. Qxd4 Rc8 15. fxe6 fxe6 16. Rb1 Bc5 17. Qd3 0-0 18. Rf1 Qxa2 19. Kd2 d4 20. cxd4 Rxf1 21. Rxf1 Bb4+ 22. Ke3 Rc3 0-1

[Event "AUT-chT2O 2223"]
[Site "Austria"]
[Date "2022.10.16"]
[Round "2.6"]
[White "Stadlinger, Matthias"]
[Black "Mayrhuber, Tobias"]
[Result "1/2-1/2"]
[WhiteElo "1897"]
[BlackElo "1995"]
[PlyCount "165"]
[EventDate "2022.10.15"]
[EventType "team-tourn"]
[EventRounds "11"]
[EventCountry "AUT"]
[SourceTitle "EXT 2024"]
[Source "ChessBase"]
[SourceDate "2023.10.10"]
[SourceVersion "1"]
[SourceVersionDate "2023.10.10"]
[SourceQuality "1"]
[WhiteTeam "Donaustadt"]
[BlackTeam "Ottakring"]
[WhiteTeamCountry "AUT"]
[BlackTeamCountry "AUT"]

1. b3 e5 2. Bb2 Nc6 3. e3 d5 4. Bb5 Bd6 5. f4 Qe7 6. Nf3 Bg4 7. fxe5 Bxe5 8. Bxe5 Bxf3 9. Qxf3 Qxe5 10. Nc3 Nf6 11. 0-0 0-0 12. Bxc6 bxc6 13. Qh3 Rad8 14. Rf5 Qe7 15. Raf1 Ne4 16. Nb1 Rd6 17. Qg4 Re6 18. R5f4 f6 19. Qe2 Qc5 20. Qd3 Rfe8 21. a4 a5 22. h3 Rb8 23. Kh2 Qd6 24. Kg1 Qc5 25. Kh2 Re5 26. Rg4 h5 27. Rgf4 Rg5 28. R1f3 Qd6 29. Kg1 Qe5 30. Nc3 Nc5 31. Qd4 Ne6 32. Qxe5 Rxe5 33. Rf5 d4 34. Rxe5 fxe5 35. Nd1 d3 36. cxd3 Rxb3 37. Nc3 Rb2 38. Ne4 Ra2 39. Rf5 Rxa4 40. Rxe5 Kf7 41. Rxh5 Ra1+ 42. Kf2 a4 43. Ra5 Ke7 44. h4 a3 45. d4 Kd7 46. Ke2 Kc8 47. Nc5 Nxc5 48. dxc5 a2 49. Kd3 Kd7 50. g3 Ke6 51. Ke4 Kf6 52. Ra6 Ke7 53. h5 Kd7 54. d4 Ke7 55. g4 Kd7 56. Ke5 Ke7 57. e4 Kd7 58. Ra7 Rg1 59. Rxa2 Rxg4 60. Rf2 Ke7 61. Rh2 Rg1 62. h6 gxh6 63. Rxh6 Kd7 64. Rh7+ Kc8 65. Rf7 Rd1 66. Rf8+ Kd7 67. Rf7+ Kc8 68. Rf4 Kd7 69. d5 cxd5 70. exd5 Re1+ 71. Re4 Rd1 72. Rh4 Re1+ 73. Kf4 Rd1 74. Rh7+ Kd8 75. Ke5 Re1+ 76. Kd4 Rc1 77. Rg7 Rc2 78. Rg3 Rc1 79. Rc3 Rd1+ 80. Kc4 Kd7 81. Rg3 Rc1+ 82. Kd4 Rd1+ 83. Rd3 1/2-1/2

[Event "AUT-ch"]
[Site "Vienna"]
[Date "2022.08.19"]
[Round "9"]
[White "Geroe, Leonhard"]
[Black "Mayrhuber, Tobias"]
[Result "0-1"]
[WhiteElo "2017"]
[BlackElo "1979"]
[PlyCount "38"]
[EventDate "2022.08.12"]
[EventType "swiss"]
[EventRounds "9"]
[EventCountry "AUT"]
[SourceTitle "CBM 209 Extra"]
[Source "ChessBase"]
[SourceDate "2022.09.30"]
[SourceVersion "1"]
[SourceVersionDate "2022.09.30"]
[SourceQuality "1"]

1. e4 e5 2. Nf3 Nc6 3. Bb5 a6 4. Ba4 Nf6 5. 0-0 b5 6. Bb3 Bc5 7. Nxe5 Nxe5 8. d4 Bxd4 9. Qxd4 d6 10. c3 0-0 11. Bg5 c5 12. Qd1 h6 13. Bxf6 Qxf6 14. Bd5 Rb8 15. Na3 b4 16. cxb4 Rxb4 17. Rb1 Rd4 18. Qc2 Nf3+ 19. gxf3 Bh3 0-1

[Event "AUT-ch"]
[Site "Vienna"]
[Date "2022.08.15"]
[Round "4"]
[White "Jethan, Martin"]
[Black "Mayrhuber, Tobias"]
[Result "1/2-1/2"]
[WhiteElo "2103"]
[BlackElo "1979"]
[PlyCount "158"]
[EventDate "2022.08.12"]
[EventType "swiss"]
[EventRounds "9"]
[EventCountry "AUT"]
[SourceTitle "CBM 209 Extra"]
[Source "ChessBase"]
[SourceDate "2022.09.30"]
[SourceVersion "1"]
[SourceVersionDate "2022.09.30"]
[SourceQuality "1"]

1. d4 d5 2. c4 e6 3. Nc3 Nf6 4. cxd5 exd5 5. Bg5 Be7 6. e3 c6 7. Qc2 0-0 8. Bd3 h6 9. Bf4 Re8 10. h3 Bd6 11. Nge2 Bxf4 12. Nxf4 Qd6 13. 0-0-0 b5 14. g4 Na6 15. Qe2 Nb4 16. Bb1 Bd7 17. Rhg1 Nxa2+ 18. Bxa2 b4 19. Na4 Qxf4 20. Nc5 Qd6 21. g5 hxg5 22. Rxg5 Ne4 23. Nxe4 Rxe4 24. Rdg1 g6 25. Bb1 Re6 26. Qf3 Rc8 27. Kd1 c5 28. Qxd5 Ba4+ 29. Kd2 Qxd5 30. Rxd5 cxd4 31. Rxd4 a5 32. Bf5 Rec6 33. Bxc8 Rc2+ 34. Kd3 Rxc8 35. Rg5 Bc2+ 36. Kd2 Bf5 37. e4 Bxh3 38. Rxa5 b3 39. Rd3 Rc2+ 40. Ke1 Rc1+ 41. Rd1 Rc4 42. f3 Bg2 43. Rd3 Rc1+ 44. Kf2 Rc2+ 45. Ke3 Rxb2 46. Ra8+ Kg7 47. Rb8 Bh3 48. Rdxb3 Ra2 49. R8b6 Be6 50. Rc3 Ra5 51. f4 Kf6 52. Kf3 Rh5 53. Ke3 Ra5 54. Rbc6 Rb5 55. R6c5 Rb1 56. Kf2 Rb4 57. Kf3 Rb1 58. Rc2 Rb3+ 59. R5c3 Rb5 60. Rc1 Ra5 61. Rd3 Rb5 62. Ra1 Rh5 63. Ke3 Rh3+ 64. Kd4 Rh5 65. Rf1 Ra5 66. Rh1 Ra4+ 67. Ke3 Kg7 68. Rh2 Ra1 69. Kd4 Ra4+ 70. Ke3 Ra1 71. Rc3 Re1+ 72. Kd4 Ra1 73. Rc5 Kf6 74. f5 Rd1+ 75. Ke3 gxf5 76. exf5 Bxf5 77. Rf2 Re1+ 78. Kd4 Re4+ 79. Kc3 Re5 1/2-1/2

[Event "St Veit op 41st"]
[Site "St Veit"]
[Date "2022.07.11"]
[Round "4"]
[White "Markun, Ozbej"]
[Black "Mayrhuber, Tobias"]
[Result "1-0"]
[WhiteElo "1915"]
[BlackElo "2010"]
[PlyCount "79"]
[EventDate "2022.07.09"]
[EventType "swiss"]
[EventRounds "9"]
[EventCountry "AUT"]
[SourceTitle "CBM 209 Extra"]
[Source "ChessBase"]
[SourceDate "2022.09.30"]
[SourceVersion "1"]
[SourceVersionDate "2022.09.30"]
[SourceQuality "1"]

1. e4 e5 2. Nf3 Nc6 3. Bc4 Bc5 4. 0-0 Nf6 5. d3 d6 6. c3 h6 7. Re1 0-0 8. h3 a6 9. Bb3 Ba7 10. Nbd2 Be6 11. Nf1 Ne7 12. Ng3 Ng6 13. d4 Qe8 14. Be3 Bxb3 15. Qxb3 Qc6 16. d5 Qb5 17. Qc2 Bxe3 18. Rxe3 Nf4 19. a4 Qd7 20. a5 b5 21. axb6 cxb6 22. c4 Rfc8 23. Rc3 g6 24. b4 Qc7 25. Nd2 a5 26. bxa5 Rxa5 27. Rb1 Nd7 28. Nb3 Ra3 29. Qb2 Ra4 30. Nd2 Rca8 31. Rb3 Ra2 32. Qc1 h5 33. Qd1 Qd8 34. Ne2 Nxh3+ 35. Rxh3 Qg5 36. Nf3 Qg4 37. Nc3 R2a3 38. Nb5 Qxe4 39. Nxa3 Rxa3 40. Nd2 1-0

[Event "AUT-chT2O 2122"]
[Site "Austria"]
[Date "2022.02.26"]
[Round "6.6"]
[White "Lovrinovic, Christian"]
[Black "Mayrhuber, Tobias"]
[Result "1/2-1/2"]
[WhiteElo "2130"]
[BlackElo "2032"]
[PlyCount "48"]
[EventDate "2021.10.16"]
[EventType "team-tourn"]
[EventRounds "11"]
[EventCountry "AUT"]
[SourceTitle "EXT 2023"]
[Source "ChessBase"]
[SourceDate "2022.10.05"]
[SourceVersion "1"]
[SourceVersionDate "2022.10.05"]
[SourceQuality "1"]
[WhiteTeam "Pamhagen II"]
[BlackTeam "Ottakring"]
[WhiteTeamCountry "AUT"]
[BlackTeamCountry "AUT"]

1. d4 Nf6 2. c4 e6 3. Nc3 Bb4 4. g3 0-0 5. Bg2 d5 6. a3 Bxc3+ 7. bxc3 c5 8. cxd5 exd5 9. Nf3 Nc6 10. 0-0 b6 11. Bg5 Be6 12. Ne5 Rc8 13. f4 Ne7 14. Bxf6 gxf6 15. Nf3 Nf5 16. Qd3 Nd6 17. Nh4 f5 18. dxc5 Rxc5 19. Bh3 Qf6 20. Qd4 Kg7 21. Qe5 Nc4 22. Qd4 Nd6 23. Qe5 Nc4 24. Qd4 Nd6 1/2-1/2

[Event "AUT-chT2O 2122"]
[Site "Austria"]
[Date "2021.10.17"]
[Round "2.6"]
[White "Mayrhuber, Tobias"]
[Black "Hottenroth, Jonas"]
[Result "0-1"]
[WhiteElo "2032"]
[BlackElo "1877"]
[PlyCount "140"]
[EventDate "2021.10.16"]
[EventType "team-tourn"]
[EventRounds "11"]
[EventCountry "AUT"]
[SourceTitle "CBM 204 Extra"]
[Source "ChessBase"]
[SourceDate "2021.11.30"]
[SourceVersion "1"]
[SourceVersionDate "2021.11.30"]
[SourceQuality "1"]
[WhiteTeam "Ottakring"]
[BlackTeam "Krems Voest"]
[WhiteTeamCountry "AUT"]
[BlackTeamCountry "AUT"]

1. e4 c5 2. Nc3 a6 3. g3 b5 4. Bg2 Bb7 5. d3 e6 6. Nge2 Nf6 7. Nf4 Qc7 8. 0-0 Nc6 9. Be3 Be7 10. Nh5 0-0 11. Nxf6+ Bxf6 12. Bxc5 Rfd8 13. Be3 Qa5 14. d4 Qb4 15. a3 Qf8 16. e5 Be7 17. f4 d6 18. exd6 Rxd6 19. Ne4 Rd7 20. c3 Na5 21. Qe2 Bd5 22. Nd2 Rc8 23. f5 exf5 24. Rxf5 Be6 25. Rf2 Nc4 26. Nxc4 Bxc4 27. Qc2 Be6 28. Rd1 Qd8 29. Be4 g6 30. Qe2 Bf8 31. Bf4 Bg7 32. Qf3 Qb6 33. Kg2 f5 34. Ba8 Rxa8 35. Qxa8+ Rd8 36. Bc7 Qxc7 37. Qxa6 Bd5+ 38. Kg1 Qe7 39. Qxb5 Qe4 40. Kf1 Re8 41. Re2 Qh1+ 42. Kf2 Qxh2+ 43. Ke1 Qxg3+ 44. Kd2 Bh6+ 45. Kc2 Be4+ 46. Rxe4 Rxe4 47. Qd5+ Kf8 48. Qd8+ Re8 49. Qd7 Re2+ 50. Kb1 Qb8 51. b4 Bg7 52. Rh1 h6 53. Rg1 Qh2 54. Qc8+ Kf7 55. Qc4+ Kf8 56. Qc8+ Re8 57. Qc5+ Kg8 58. Qd5+ Kh7 59. Rc1 Qd2 60. Rc2 Qd1+ 61. Kb2 Re1 62. Qa2 f4 63. b5 f3 64. b6 Re2 65. Kb3 Qd3 66. Rxe2 Qb5+ 67. Kc2 Qxe2+ 68. Kb3 Qb5+ 69. Kc2 f2 70. c4 Qa4+ 0-1

[Event "AUT-chT2O 2122"]
[Site "Austria"]
[Date "2021.10.16"]
[Round "1.5"]
[White "Mayrhuber, Tobias"]
[Black "Lampl, Gerald"]
[Result "1/2-1/2"]
[WhiteElo "2032"]
[BlackElo "2124"]
[PlyCount "94"]
[EventDate "2021.10.16"]
[EventType "team-tourn"]
[EventRounds "11"]
[EventCountry "AUT"]
[SourceTitle "CBM 204 Extra"]
[Source "ChessBase"]
[SourceDate "2021.11.30"]
[SourceVersion "1"]
[SourceVersionDate "2021.11.30"]
[SourceQuality "1"]
[WhiteTeam "Ottakring"]
[BlackTeam "Bad Voeslau"]
[WhiteTeamCountry "AUT"]
[BlackTeamCountry "AUT"]

1. e4 c6 2. Nc3 d5 3. Nf3 Nf6 4. e5 Ne4 5. d3 Nxc3 6. bxc3 Bg4 7. h3 Bxf3 8. Qxf3 e6 9. d4 Nd7 10. a4 c5 11. a5 c4 12. Be3 Rc8 13. Qd1 Rc6 14. Qb1 Qc7 15. Be2 Be7 16. Kd2 0-0 17. Qb5 Rb8 18. Rhb1 h6 19. f4 a6 20. Qa4 f6 21. g4 fxe5 22. fxe5 Qd8 23. Rxb7 Rbc8 24. Rf1 Nf8 25. Rf2 Bg5 26. Rff7 R6c7 27. Rbxc7 Rxc7 28. Rxc7 Bxe3+ 29. Kxe3 Qxc7 30. Bf3 Kf7 31. Qb4 Nd7 32. h4 Nf8 33. g5 hxg5 34. hxg5 Qd8 35. Qb7+ Kg6 36. Qxa6 Qxg5+ 37. Ke2 Qc1 38. Bxd5 Qxc2+ 39. Kf1 Qc1+ 40. Kg2 Qd2+ 41. Kg1 Qxc3 42. Bxc4 Qxd4+ 43. Kg2 Qg4+ 44. Kf1 Qf4+ 45. Kg2 Qg4+ 46. Kf1 Qf4+ 47. Kg2 Qg4+ 1/2-1/2

[Event "Innsbruck op 5th"]
[Site "Innsbruck"]
[Date "2021.08.22"]
[Round "2"]
[White "Abel, Dennes"]
[Black "Mayrhuber, Tobias"]
[Result "1-0"]
[WhiteElo "2448"]
[BlackElo "2022"]
[PlyCount "61"]
[EventDate "2021.08.21"]
[EventType "swiss"]
[EventRounds "9"]
[EventCountry "AUT"]
[SourceTitle "CBM 204 Extra"]
[Source "ChessBase"]
[SourceDate "2021.11.30"]
[SourceVersion "1"]
[SourceVersionDate "2021.11.30"]
[SourceQuality "1"]

1. d4 d5 2. c4 e6 3. g3 Nf6 4. Bg2 Be7 5. Nf3 0-0 6. 0-0 c6 7. Nc3 b6 8. Ne5 Ba6 9. Re1 Nfd7 10. cxd5 Nxe5 11. dxe5 cxd5 12. Nxd5 Nc6 13. Nxe7+ Nxe7 14. Bxa8 Qxa8 15. Bg5 Ng6 16. Qd4 h6 17. Bh4 Nxh4 18. Qxh4 Qd5 19. Qf4 Rd8 20. Rac1 Rd7 21. b3 Bb7 22. f3 g5 23. Qe3 Kg7 24. Red1 Qxd1+ 25. Rxd1 Rxd1+ 26. Kf2 Ba6 27. h4 Rh1 28. hxg5 Rh2+ 29. Kg1 Rxe2 30. gxh6+ Kh7 31. Qg5 1-0

[Event "AUT-ch Vor3 Internet"]
[Site "Playchess.com INT"]
[Date "2020.04.17"]
[Round "1"]
[White "Gall, Bernhard"]
[Black "Mayrhuber, Tobias"]
[Result "0-1"]
[WhiteElo "1244"]
[BlackElo "2045"]
[PlyCount "34"]
[EventDate "2020.04.17"]
[EventType "swiss (blitz)"]
[EventRounds "9"]
[EventCountry "AUT"]
[SourceTitle "CBM 195 Extra"]
[Source "ChessBase"]
[SourceDate "2020.05.31"]
[SourceVersion "1"]
[SourceVersionDate "2020.05.31"]
[SourceQuality "1"]

1. e4 e5 2. Nf3 Nc6 3. d4 exd4 4. Nxd4 Nf6 5. Nc3 Bb4 6. Nxc6 bxc6 7. Bd2 0-0 8. Bc4 d5 9. exd5 Re8+ 10. Be2 Bxc3 11. Bxc3 Ba6 12. Bxf6 Qxf6 13. 0-0 Bxe2 14. Qd2 Bxf1 15. Kxf1 Qxb2 16. Re1 Rxe1+ 17. Qxe1 Qb5+ 0-1

[Event "AUT-chT2O 1920"]
[Site "Austria"]
[Date "2020.01.19"]
[Round "7.6"]
[White "Mayrhuber, Tobias"]
[Black "Gasa, Andrej"]
[Result "0-1"]
[WhiteElo "2031"]
[BlackElo "2213"]
[PlyCount "88"]
[EventDate "2019.10.19"]
[EventType "team-tourn"]
[EventRounds "11"]
[EventCountry "AUT"]
[SourceTitle "CBM 195 Extra"]
[Source "ChessBase"]
[SourceDate "2020.05.31"]
[SourceVersion "1"]
[SourceVersionDate "2020.05.31"]
[SourceQuality "1"]
[WhiteTeam "Wien Ottakring"]
[BlackTeam "Mistelbach/Altlichtenwarth"]
[WhiteTeamCountry "AUT"]
[BlackTeamCountry "AUT"]

1. d4 f5 2. g3 Nf6 3. Bg2 g6 4. Nf3 Bg7 5. 0-0 0-0 6. c4 d6 7. Nc3 c6 8. Re1 Qc7 9. d5 Na6 10. Nd4 cxd5 11. cxd5 Nc5 12. Be3 Ng4 13. Bc1 Qb6 14. h3 Nxf2 15. Kxf2 Ne4+ 16. Ke3 Nxg3 17. Kf3 Ne4 18. e3 Ng5+ 19. Ke2 f4 20. Rf1 Nxh3 21. Ne6 Bxe6 22. dxe6 Bxc3 23. bxc3 Qb5+ 24. Ke1 Qg5 25. Qd5 Qg3+ 26. Ke2 f3+ 27. Bxf3 Ng1+ 28. Rxg1 Qxg1 29. c4 Rf5 30. Qxb7 Raf8 31. Bb2 Qh2+ 32. Kd3 Rxf3 33. Bd4 Qh4 34. Rg1 a6 35. Rg2 Rf1 36. Kc3 Rc1+ 37. Kb2 Rcf1 38. Kc3 Qe1+ 39. Kb3 Qb1+ 40. Rb2 Qd3+ 41. Kb4 a5+ 42. Kxa5 Qxc4 43. Qxe7 Ra8+ 44. Kb6 Ra6+ 0-1

[Event "Donau op 27th"]
[Site "Aschach"]
[Date "2018.12.29"]
[Round "5"]
[White "Mayrhuber, Tobias"]
[Black "Mazur, Stefan"]
[Result "0-1"]
[WhiteElo "1979"]
[BlackElo "2411"]
[PlyCount "58"]
[EventDate "2018.12.26"]
[EventType "swiss"]
[EventRounds "7"]
[EventCountry "AUT"]
[SourceTitle "CBM 188 Extra"]
[Source "ChessBase"]
[SourceDate "2019.02.26"]
[SourceVersion "1"]
[SourceVersionDate "2019.02.26"]
[SourceQuality "1"]

1. e4 e5 2. Nf3 Nc6 3. Bb5 a6 4. Ba4 Nf6 5. d3 d6 6. c3 Bd7 7. 0-0 g6 8. Re1 Bg7 9. Nbd2 0-0 10. Bc2 Re8 11. Nc4 d5 12. exd5 Nxd5 13. Bg5 Qc8 14. Ne3 Be6 15. Bh4 h6 16. Nc4 f5 17. g4 Bf7 18. gxf5 gxf5 19. Kh1 Bh5 20. a4 Kh8 21. a5 Nf4 22. Ncd2 Ng6 23. Qb1 Qd7 24. Bb3 e4 25. dxe4 Nxh4 26. Bd1 Ng6 27. exf5 Nf4 28. Rg1 Nh3 29. Rg2 Qxd2 0-1